[Event "Romanian-ch Women 2022"]
[Site "Eforie Nord"]
[Date "2022.02.22"]
[Round "4.7"]
[White "Lehaci, Miruna-Daria"]
[Black "Pitigoi, Sabina-Andreea"]
[Result "1-0"]
[WhiteElo "2125"]
[BlackElo "1766"]
[Annotator "NA"]
[PlyCount "81"]
[EventDate "2022.02.20"]
[EventType "swiss"]
[EventCountry "ROU"]
[SourceTitle "playchess.com"]
[Source "ChessBase"]
[SourceQuality "1"]
[TimeControl "40/5400+30:900+30"]

1. d4 {[%emt 0:00:03]} Nf6 {[%emt 0:00:07]} 2. Bf4 {[%emt 0:00:05]} e6 {[%emt 0:00:06]} 3. e3 {[%emt 1:31:52]} c5 {[%emt 0:00:10]} 4. Nc3 {[%emt 0:00:00]} a6 {[%emt 1:32:07]} 5. Qf3 {[%emt 0:01:00]} cxd4 {[%emt 0:00:00]} 6. exd4 {[%emt 0:00:00]} Nc6 {[%emt 0:00:00]} 7. O-O-O {[%emt 0:00:00]} d5 {[%emt 0:00:00]} 8. g4 {[%emt 0:00:00]} Bb4 {[%emt 0:00:00]} 9. g5 {[%emt 0:00:00]} Bxc3 {[%emt 0:00:00]} 10. Qxc3 {[%emt 0:00:00]} Ne4 {[%emt 0:00:00]} 11. Qe3 {[%emt 0:00:00]} b5 {[%emt 0:00:00]} 12. Ne2 {[%emt 0:00:00]} O-O {[%emt 0:00:00]} 13. Kb1 {[%emt 0:00:00]} Bb7 {[%emt 0:00:00]} 14. Ng3 {[%emt 0:00:00]} Rc8 {[%emt 0:00:00]} 15. Bd3 {[%emt 0:00:00]} Nb4 {[%emt 0:00:00]} 16. Qe1 {[%emt 0:00:00]} a5 {[%emt 0:00:00]} 17. f3 {[%emt 0:00:00]} Nd6 {[%emt 0:00:00]} 18. h4 {[%emt 0:00:00]} Qc7 {[%emt 0:00:00]} 19. Rh2 {[%emt 0:00:00]} Qb6 {[%emt 0:00:00]} 20. Be5 {[%emt 0:00:00]} Nxd3 {[%emt 0:00:00]} 21. Rxd3 {[%emt 0:00:00]} Nf5 {[%emt 0:00:00]} 22. h5 {[%emt 0:00:00]} Rc4 {[%emt 0:00:00]} 23. h6 {[%emt 0:00:00]} g6 {[%emt 0:00:00]} 24. Nf1 {[%emt 0:00:00]} Ba6 {[%emt 0:00:00]} 25. Ne3 {[%emt 0:00:00]} Nxe3 {[%emt 0:00:00]} 26. Qxe3 {[%emt 0:00:00]} b4 {[%emt 0:00:00]} 27. Qf4 {[%emt 0:00:00]} Qd8 {[%emt 0:00:00]} 28. Bd6 {[%emt 0:00:00]} Rc6 {[%emt 0:00:49]} 29. Bxf8 {[%emt 0:00:00]} Bxd3 {[%emt 0:01:43]} 30. Bxb4 {[%emt 0:00:34]} Rxc2 {[%emt 0:04:02]} 31. Rxc2 {[%emt 0:00:24]} axb4 {[%emt 0:01:11]} 32. Qe5 {[%emt 0:00:50]} Bxc2+ {[%emt 0:01:02]} 33. Kxc2 {[%emt 0:00:04]} Kf8 {[%emt 0:00:42]} 34. Qh8+ {[%emt 0:01:11]} Ke7 {[%emt 0:00:05]} 35. Qxd8+ {[%emt 0:00:03]} Kxd8 {[%emt 0:00:09]} 36. Kb3 {[%emt 0:00:04]} Kc7 {[%emt 0:01:56]} 37. Kxb4 {[%emt 0:00:05]} Kb6 {[%emt 0:00:19]} 38. f4 {[%emt 0:00:12]} Ka6 {[%emt 0:00:55]} 39. a4 {[%emt 0:00:04]} Kb6 {[%emt 0:00:05]} 40. a5+ {[%emt 0:00:00]} Ka6 {[%emt 0:00:00]} 41. b3 {[%emt 0:00:14]} 1-0

[Event "Romanian-ch Women 2022"]
[Site "Eforie Nord"]
[Date "2022.02.22"]
[Round "4.8"]
[White "Marin, Irina-Luiza"]
[Black "Petculescu, Diana-Silvana"]
[Result "1-0"]
[WhiteElo "2058"]
[BlackElo "1402"]
[Annotator "TA"]
[PlyCount "63"]
[EventDate "2022.02.20"]
[EventType "swiss"]
[EventCountry "ROU"]
[SourceTitle "playchess.com"]
[Source "ChessBase"]
[SourceQuality "1"]

{[%evp 18,62,13,16,13,12,29,17,81,81,85,90,95,99,285,133,320,314,635,634,627,614,1052,1043,1102,1095,1010,860,899,895,1001,1002,1049,987,1084,1079,2095,2098,29991,29992,29993,29994,29997,29998,29998,29999,29999]} 1. c4 Nf6 2. g3 e6 3. Nf3 d5 4. b3 Be7 5. Bg2 O-O 6. O-O c6 7. Bb2 Nbd7 8. d3 b6 9. Nbd2 Bb7 10. Qc2 Rc8 {A14: English Opening: 1...e6 with b3 by White.} 11. Rfd1 {[#]} Ne8 $146 ({Predecessor:} 11... Qc7 12. e4 dxe4 13. dxe4 e5 14. Nf1 c5 15. Nh4 g6 16. Ne3 Bc6 17. Nd5 Bxd5 18. exd5 {1-0 (58) Karavaeva,O (2260)-Aslanov,U (2019) Chess.com INT 2021}) 12. e4 {[%cal Be2e4,Be4e5][%mdl 32]} dxc4 (12... c5 $11) 13. dxc4 $16 Qc7 {[#]} 14. e5 $1 {Inhibits Bf6.} b5 15. Ne4 {[%cal Bd2e4,Be4c5,Bc5b7,Bb7d6][%mdl 32] Threatens to win with c5.} Nc5 $2 (15... bxc4 $16 16. bxc4 (16. Qxc4 c5 $16) 16... Rd8) 16. Nfg5 $40 {[%mdl 128] Black is in trouble.} (16. Neg5 g6 17. Ba3 a5 $16) (16. Nxc5 $18 {is more deadly.} Bxc5 17. Ng5 (17. cxb5 cxb5 18. Rac1 g6 $16)) 16... h6 $2 (16... Nxe4 $16 17. Nxe4 bxc4 18. bxc4 (18. Qxc4 c5 $16) 18... c5) 17. Nxc5 $18 {[%csl Gg5][%cal Rc2h7]} Bxg5 $2 (17... hxg5 18. Rd7 Bxc5 19. Rxc7 Nxc7 20. cxb5 Bb6 21. bxc6 Nd5) 18. Rd7 Qb6 19. Nxb7 Nc7 20. Nd6 Rcd8 {[#]} 21. c5 $1 {[%mdl 512]} Qb8 22. Rxd8 Rxd8 23. Bxc6 b4 24. Rd1 Na6 25. Bg2 Qc7 26. c6 f6 27. Qc4 {[%csl LRa6,LRe6]} fxe5 28. Qxe6+ {White mates.} Kf8 {[#]} 29. Bd5 $1 Nc5 (29... g6 30. Qg8+) 30. Qg8+ Ke7 31. Qxg7+ Kxd6 32. Bxe5# {Black got outplayed after the opening.  Weighted Error Value: White=0.30/Black=0.85} 1-0

[Event "Romanian-ch Women 2022"]
[Site "Eforie Nord"]
[Date "2022.02.22"]
[Round "4.9"]
[White "Anghel, Maria"]
[Black "Panainte, Andreea-Bianca"]
[Result "1/2-1/2"]
[WhiteElo "1834"]
[BlackElo "1865"]
[Annotator "NA"]
[PlyCount "83"]
[EventDate "2022.02.20"]
[EventType "swiss"]
[EventCountry "ROU"]
[SourceTitle "playchess.com"]
[Source "ChessBase"]
[SourceQuality "1"]
[TimeControl "40/5400+30:900+30"]

1. d4 {[%emt 0:00:03]} Nf6 {[%emt 0:00:08]} 2. Nf3 {[%emt 0:00:11]} e6 {[%emt 0:00:06]} 3. c4 {[%emt 0:00:11]} b6 {[%emt 0:00:17]} 4. a3 {[%emt 0:00:49]} Bb7 {[%emt 0:00:08]} 5. Nc3 {[%emt 0:00:13]} Be7 {[%emt 0:02:25]} 6. d5 {[%emt 0:00:15]} O-O {[%emt 0:03:36]} 7. e4 {[%emt 0:00:38]} d6 {[%emt 0:01:17]} 8. Bd3 {[%emt 0:02:32]} a5 {[%emt 0:11:56]} 9. h3 {[%emt 0:07:44]} Na6 {[%emt 0:01:22]} 10. Be3 {[%emt 0:02:22]} Nd7 {[%emt 0:08:24]} 11. Bc2 {[%emt 0:11:34]} Bf6 {[%emt 0:04:31]} 12. Nd4 {[%emt 0:09:53]} Re8 {[%emt 0:02:15]} 13. O-O {[%emt 0:03:22]} Nac5 {[%emt 0:04:00]} 14. b4 {[%emt 0:07:34]} axb4 {[%emt 0:00:29]} 15. axb4 {[%emt 0:00:42]} Na6 {[%emt 0:01:28]} 16. Rb1 {[%emt 0:02:38]} Ne5 {[%emt 0:00:46]} 17. Qe2 {[%emt 0:05:33]} Ng6 {[%emt 0:07:31]} 18. Ba4 {[%emt 0:12:36]} Re7 {[%emt 0:02:41]} 19. Qd2 {[%emt 0:11:35]} Bxd4 {[%emt 0:04:36]} 20. Bxd4 {[%emt 0:00:39]} e5 {[%emt 0:00:06]} 21. Be3 {[%emt 0:00:32]} Qf8 {[%emt 0:03:40]} 22. c5 {[%emt 0:04:00]} bxc5 {[%emt 0:05:14]} 23. bxc5 {[%emt 0:00:38]} Bc8 {[%emt 0:00:09]} 24. c6 {[%emt 0:05:17]} f5 {[%emt 0:00:40]} 25. f3 {[%emt 0:01:27]} f4 {[%emt 0:00:55]} 26. Bf2 {[%emt 0:00:13]} Qf6 {[%emt 0:00:22]} 27. Bb5 {[%emt 0:01:27]} Qg5 {[%emt 0:00:41]} 28. Kh2 {[%emt 0:02:30]} Nc5 {[%emt 0:02:27]} 29. Bxc5 {[%emt 0:02:26]} dxc5 {[%emt 0:01:50]} 30. Bc4 {[%emt 0:01:16]} Qg3+ {[%emt 0:01:05]} 31. Kh1 {[%emt 0:00:12]} Kh8 {[%emt 0:00:32]} 32. Ra1 {[%emt 0:03:38]} Rxa1 {[%emt 0:01:54]} 33. Rxa1 {[%emt 0:00:04]} Re8 {[%emt 0:00:08]} 34. Ra8 {[%emt 0:01:31]} Nh4 {[%emt 0:01:31]} 35. Nb5 {[%emt 0:01:12]} Nxf3 {[%emt 0:04:27]} 36. gxf3 {[%emt 0:00:20]} Qxh3+ {[%emt 0:00:12]} 37. Kg1 {[%emt 0:00:39]} Qg3+ {[%emt 0:00:41]} 38. Kh1 {[%emt 0:00:30]} Qxf3+ {[%emt 0:00:28]} 39. Qg2 {[%emt 0:00:31]} Qh5+ {[%emt 0:02:05]} 40. Qh2 {[%emt 0:00:00]} Qd1+ {[%emt 0:00:00]} 41. Qg1 {[%emt 0:01:46]} Qh5+ {[%emt 0:03:57]} 42. Qh2 {[%emt 0:00:20]} 1/2-1/2

[Event "Romanian-ch Women 2022"]
[Site "Eforie Nord"]
[Date "2022.02.22"]
[Round "4.11"]
[White "Puia, Alexia-Teodora"]
[Black "Dragomirescu, Angela"]
[Result "0-1"]
[WhiteElo "1750"]
[BlackElo "2167"]
[Annotator "NA"]
[PlyCount "72"]
[EventDate "2022.02.20"]
[EventType "swiss"]
[EventCountry "ROU"]
[SourceTitle "playchess.com"]
[Source "ChessBase"]
[SourceQuality "1"]
[TimeControl "40/5400+30:900+30"]

1. d4 {[%emt 0:00:06]} d6 {[%emt 0:00:06]} 2. e4 {[%emt 0:00:08]} Nf6 {[%emt 0:00:05]} 3. Nc3 {[%emt 0:00:11]} g6 {[%emt 0:01:16]} 4. Bg5 {[%emt 0:00:45]} Bg7 {[%emt 0:00:37]} 5. e5 {[%emt 0:01:29]} dxe5 {[%emt 0:02:03]} 6. dxe5 {[%emt 0:00:07]} Ng4 {[%emt 0:00:06]} 7. Nd5 {[%emt 0:17:52]} c6 {[%emt 0:04:16]} 8. Nxe7 {[%emt 0:05:49]} Qa5+ {[%emt 0:00:06]} 9. Qd2 {[%emt 0:01:23]} Qxd2+ {[%emt 0:01:38]} 10. Kxd2 {[%emt 0:00:07]} Be6 {[%emt 0:01:44]} 11. Bh4 $19 {[%emt 0:10:03]} Bh6+ {[%emt 0:09:23]} 12. Ke2 {[%emt 0:10:53]} g5 {[%emt 0:01:14]} 13. Bg3 {[%emt 0:00:10]} Bg7 {[%emt 0:04:39]} 14. f4 {[%emt 0:06:51]} Kxe7 {[%emt 0:01:29]} 15. h3 {[%emt 0:00:27]} Nh6 {[%emt 0:02:31]} 16. fxg5 {[%emt 0:00:15]} Nf5 {[%emt 0:00:14]} 17. Bf4 {[%emt 0:00:54]} Nd7 {[%emt 0:12:59]} 18. Nf3 {[%emt 0:00:42]} Bd5 {[%emt 0:01:27]} 19. Rd1 {[%emt 0:04:54]} h5 {[%emt 0:14:06]} 20. Kf2 {[%emt 0:04:13]} Nc5 {[%emt 0:05:19]} 21. Bd3 {[%emt 0:16:08]} Nxd3+ {[%emt 0:03:49]} 22. Rxd3 {[%emt 0:00:15]} Be4 {[%emt 0:00:49]} 23. Rb3 {[%emt 0:01:49]} c5 {[%emt 0:00:12]} 24. Re1 {[%emt 0:01:06]} Bd5 {[%emt 0:08:30]} 25. Rd3 {[%emt 0:01:02]} Be6 {[%emt 0:05:51]} 26. g3 {[%emt 0:04:56]} Rac8 {[%emt 0:05:00]} 27. c3 {[%emt 0:03:20]} Rcd8 {[%emt 0:07:01]} 28. Rxd8 {[%emt 0:00:23]} Kxd8 {[%emt 0:00:07]} 29. g6 {[%emt 0:02:48]} fxg6 {[%emt 0:01:02]} 30. Ng5 {[%emt 0:00:38]} Ke7 {[%emt 0:03:15]} 31. g4 {[%emt 0:01:15]} hxg4 {[%emt 0:00:21]} 32. hxg4 {[%emt 0:00:10]} Nh6 {[%emt 0:00:13]} 33. Nxe6 {[%emt 0:00:36]} Kxe6 {[%emt 0:00:08]} 34. Kf3 {[%emt 0:00:42]} Nf7 {[%emt 0:00:27]} 35. Ke4 {[%emt 0:00:54]} Rh4 {[%emt 0:02:35]} 36. Kf3 {[%emt 0:00:33]} Nxe5+ {[%emt 0:00:59]} 0-1

[Event "Romanian-ch Women 2022"]
[Site "Eforie Nord"]
[Date "2022.02.22"]
[Round "4.12"]
[White "Andries, Alexia"]
[Black "Bucur, Denisa-Andreea"]
[Result "0-1"]
[WhiteElo "1524"]
[BlackElo "2023"]
[Annotator "TA"]
[PlyCount "54"]
[EventDate "2022.02.20"]
[EventType "swiss"]
[EventCountry "ROU"]
[SourceTitle "playchess.com"]
[Source "ChessBase"]
[SourceQuality "1"]

{[%evp 16,54,24,29,23,22,21,11,49,21,34,-29,0,-10,0,-22,-22,-37,-14,-14,-2,-35,-25,-32,-29,-36,-26,-52,-25,-45,-55,-79,-87,-665,-660,-779,-771,-804,-785,-829,-796]} 1. d4 Nf6 2. c4 c5 3. e3 g6 4. Nc3 Bg7 5. d5 d6 6. Bd3 O-O 7. Nf3 e6 8. O-O exd5 9. cxd5 a6 {A61: Modern Benoni: Nf3 without early e4.} 10. a4 {Inhibits b5.} Nbd7 11. e4 Qc7 {[#] The position is equal.} 12. Qe2 $146 ({Predecessor:} 12. Re1 c4 13. Bf1 Nc5 14. Nd2 Bg4 15. Qc2 Rfe8 16. Nxc4 Rac8 17. Bf4 Ncxe4 18. Nxe4 Rxe4 19. Rxe4 {1-0 (37) Lentrodt,T (2277)-Krebs,J (2206) Austria 2019}) 12... Rb8 13. Nd2 (13. Bc2 $14) 13... Re8 14. a5 Ne5 15. Nc4 Nfd7 16. Bf4 Nxc4 17. Bxc4 Ne5 18. h3 (18. Bd3 $5) 18... Nxc4 19. Qxc4 {[%cal Oe4e5]} b5 20. axb6 Rxb6 21. Qe2 Rb4 (21... f5 $5 {[%cal Rf5e4]}) 22. Rfe1 Qb8 23. Qf3 Rxb2 {[%cal Bb4b2,Bb2b1,Bb1e1][%mdl 32]} 24. Rab1 $2 {[%mdl 8192] [#] This costs White the game.} (24. Rac1 $17) 24... Bxc3 $19 {Black is clearly winning.} 25. Qxc3 Rxb1 26. Bh6 Rxe1+ 27. Kh2 {[#]} f6 $1 {Weighted Error Value: White=0.68/Black=0.09 (flawless)} 0-1

[Event "Romanian-ch Women 2022"]
[Site "Eforie Nord"]
[Date "2022.02.23"]
[Round "5.1"]
[White "Ciolacu, Alessia-Mihaela"]
[Black "Sandu, Mihaela"]
[Result "1-0"]
[WhiteElo "2239"]
[BlackElo "2269"]
[Annotator "TA"]
[PlyCount "79"]
[EventDate "2022.02.20"]
[EventType "swiss"]
[EventCountry "ROU"]
[SourceTitle "playchess.com"]
[Source "ChessBase"]
[SourceQuality "1"]

{[%evp 14,79,24,22,20,24,58,43,70,47,102,62,98,84,73,54,54,51,50,50,108,92,146,134,131,112,131,125,122,83,60,87,105,85,107,65,108,114,148,68,98,97,145,133,230,171,165,166,183,154,162,140,164,181,339,50,462,122,2442,2445,1545,285,550,547,701,701,903,881]} 1. d4 Nf6 2. c4 g6 3. Nc3 Bg7 4. Nf3 O-O 5. Bg5 h6 6. Bh4 d6 7. e3 c5 8. d5 Bf5 {E61: King's Indian: Early deviations for White, including Smyslov System.} 9. Bd3 {[#]} Bd7 $146 ({Predecessor:} 9... Bxd3 10. Qxd3 Nbd7 11. Nd2 a6 12. f4 b5 13. O-O bxc4 14. Nxc4 Nb6 15. b3 Nxc4 16. bxc4 {1-0 (41) Jones,G (2629)-Bisby,D (2305) England 2016}) 10. O-O Na6 {White is slightly better.} 11. Nd2 Nb4 (11... Rb8 $14) 12. Bb1 b5 13. a3 Na6 14. cxb5 Nc7 {[%csl LRb5,LRd5]} 15. Bxf6 Bxf6 16. a4 e6 (16... Bxc3 $14 17. bxc3 Nxd5) 17. Nde4 {Threatens to win with dxe6.} Be7 {[#]} (17... Bxc3 $142 18. Nxc3 Re8) 18. Nxc5 $1 {[%mdl 512] White is more active.} dxc5 19. d6 Bf6 {[%cal Oc7d5] Hoping for ...Nd5!} 20. dxc7 Qxc7 21. Qf3 Be5 22. h4 Rad8 23. Qe2 Bc8 24. a5 ({White should try} 24. Be4 $16) 24... f5 (24... Bb7 $14) 25. Ba2 $16 Kh8 26. Na4 (26. a6 $16) 26... Qxa5 27. Nxc5 Qb6 ({Better is} 27... Qb4 28. Qc4 Qxb2) 28. Rfc1 {[%cal Oa2e6,Bf1c1,Bc1c6,Bc6g6][%mdl 32]} Rd6 {[#]} (28... Rf6 $16 29. g3 Bd6) 29. Bxe6 $1 {[%mdl 512]} Rxe6 30. Nxe6 Qxe6 (30... Bxe6 $2 31. Ra6 $18) 31. Rxa7 {Black must now prevent Rc6.} Bb8 {[#]} 32. Rc6 $1 {[%mdl 512]} Qe5 {( -> ...Qh2+)} (32... Bxa7 33. Rxe6) 33. f4 Qe4 {[#]} (33... Qe8 34. Ra8 Bb7 35. Rxb8 Qxb8 36. Rxg6 Qe8 37. Rxh6+ Kg7) 34. Ra3 $2 (34. Rf7 $1 $18 {[%cal Rf7f8][%mdl 512]} Rxf7 35. Rxc8+ Kg7 36. Rxb8) 34... Bxf4 $2 {[%mdl 8192]} 35. Qd3 $2 $40 {[%mdl 128] White has strong attack.} (35. Qd2 $18 {is more deadly.} Bb8 36. Qc3+ (36. Rxg6 Kh7 $11) 36... Be5 37. Qc5 Qb1+ 38. Kf2 Qxb2+ 39. Kf3) 35... Be5 {[%mdl 8192]} (35... Qxd3 $16 36. Rxd3 Bb8) 36. Qxe4 $18 fxe4 37. Rxg6 $2 (37. Ra8) 37... Kh7 $2 (37... Rf7 {was necessary.} 38. Rxh6+ Kg7) 38. Rc6 {And now Ra8 would win. White is clearly winning.} Rd8 39. Ra7+ Kg8 40. Ra8 {Weighted Error Value: White=0.67/Black=0.68} 1-0

[Event "Romanian-ch Women 2022"]
[Site "Eforie Nord"]
[Date "2022.02.23"]
[Round "5.2"]
[White "Bulmaga, Irina"]
[Black "Cosma, Elena-Luminita"]
[Result "1/2-1/2"]
[WhiteElo "2390"]
[BlackElo "2281"]
[Annotator "TA"]
[PlyCount "132"]
[EventDate "2022.02.20"]
[EventType "swiss"]
[EventCountry "ROU"]
[SourceTitle "playchess.com"]
[Source "ChessBase"]
[SourceQuality "1"]

{[%evp 20,132,0,0,0,0,0,0,0,0,0,0,24,14,30,16,20,31,23,37,33,34,38,0,0,-16,-12,-33,-18,-50,-45,-58,-66,-45,-53,-48,-35,-28,0,0,0,0,0,0,28,27,27,27,27,27,117,113,120,1,1,9,92,13,93,1,93,0,0,0,60,60,60,65,441,441,441,441,258,48,246,160,160,160,29988,1164,639,84,84,84,84,84,84,0,218,219,259,7,259,0,7,7,7,0,0,0,0,0,0,0,0,0,0,0,0,0,0,0,0,0,0]} 1. e4 e6 2. d4 d5 3. Nc3 Nf6 4. e5 Nfd7 5. f4 c5 6. Nf3 Nc6 7. Be3 cxd4 8. Nxd4 Qb6 9. Qd2 Qxb2 10. Rb1 Qa3 11. Bb5 Nxd4 {C11: French: Classical System: 4 e5 and 4 Bg5 dxe4.} (11... Bb4 12. Rb3 Qa5 13. Bxc6 (13. Nxc6 bxc6 14. Bxc6 Rb8 $15) 13... bxc6 14. Nxc6 Bxc3 15. Nxa5 $11 (15. Qxc3 Qxc3+ 16. Rxc3 Nb6 $14)) 12. Bxd4 (12. Qxd4 a6 13. Bxd7+ Bxd7 14. Rxb7 Rc8 $17) 12... a6 13. Bxd7+ Bxd7 14. Rb3 Qe7 15. Rxb7 Qd8 16. O-O Qc8 17. Rb3 Bc5 18. f5 Bxd4+ 19. Qxd4 Qc4 {[#]} 20. Qxc4 $146 ({Predecessor:} 20. Qd2 exf5 21. Qxd5 Qxd5 22. Nxd5 Rc8 23. Rb7 Bc6 24. Nc7+ Ke7 25. Ra7 Be4 26. Nb5+ {½-½ (51) Vestby Ellingsen,M (2361)-O'Donnell,C (2304) Oslo 2020}) 20... dxc4 21. Rb7 {Threatens to win with Ne4.} exf5 22. Rfb1 Bc8 23. R7b4 O-O 24. Rxc4 Be6 25. Rc6 Rfc8 26. Rbb6 h6 27. a4 Bd7 28. Rd6 Rxc3 29. Rxd7 Rxc2 $11 {[%mdl 4096] Endgame KRR-KRR} 30. Rbb7 Rf8 31. e6 {e7 is the strong threat.} Re2 (31... fxe6 $2 {gets mated.} 32. Rxg7+ Kh8 33. Rh7+ Kg8 34. Rbg7#) 32. exf7+ Kh7 33. Rb6 a5 $1 34. Rb5 {[%csl LRa5,LRf5]} Kg6 (34... Ra2 $11 {keeps the balance.}) 35. Rxa5 $16 {White is more active.} Rxf7 36. Ra6+ (36. Rxf7 $16 Kxf7 37. Rxf5+ Ke6 38. Ra5) 36... Rf6 $11 37. Raa7 Ra2 (37... Re1+ $11 38. Kf2 Rfe6) 38. Rxg7+ $16 Kh5 39. Rg3 (39. h3 $1 $16) 39... Rg6 (39... Ra1+ $11 {remains equal.} 40. Kf2 Rc6) 40. Rh3+ (40. Rxg6 $1 $16 Kxg6 41. a5) 40... Kg5 $11 41. Rf3 Rc6 ({Black should play} 41... Kh4 $11) 42. h4+ $1 $14 Kg6 43. h5+ $1 Kxh5 $2 {[%mdl 8192]} ({Black should try} 43... Kf6 $1 $14) 44. Rg7 $1 $18 {[%cal Rf3h3]} Rc1+ 45. Kh2 {[%cal Rf3h3]} Rc4 (45... Rxa4 $2 {leads to mate.} 46. Rxf5+ Kh4 47. g3#) 46. Rxf5+ Kh4 47. Rf3 {[%csl Gg2,Gh2][%cal Rf3h3]} Kh5 48. Kh3 {[%cal Rf3f5]} Rh4+ $2 (48... Ra3 $16) 49. Kg3 {[%cal Rf3f5]} Ra3 {[#]} 50. Rxa3 $2 (50. Rg5+ $1 $18 {[%mdl 512] is the precise move to win.} Kxg5 51. Rxa3) 50... Rh3+ $16 51. Kf4 {[%cal Ra3h3]} Rxa3 {KR-KR} 52. Ra7 {Threatening mate with Ra6.} Ra2 53. g4+ (53. Kg3 $16) 53... Kg6 $2 (53... Kh4 $1 $11) 54. Ra6+ $18 Kg7 55. Kg3 $2 (55. a5 $18) 55... Ra1 $2 {[%mdl 8192]} (55... Ra3+ $1 $11 56. Kf4 Kf7) 56. Kf4 $2 (56. a5 $18) 56... Rf1+ {The position is equal.} 57. Ke5 {Black must now prevent Rc6.} Re1+ 58. Kd5 Rg1 $1 59. Ra7+ Kf6 60. Ra6+ Kg5 61. a5 Rxg4 62. Ra8 {Intending Rg8+ and mate.} Ra4 63. Kc5 h5 64. Rg8+ Kf4 65. Kb5 Ra1 66. a6 h4 {Weighted Error Value: White=0.38/Black=0.50} 1/2-1/2

[Event "Romanian-ch Women 2022"]
[Site "Eforie Nord"]
[Date "2022.02.23"]
[Round "5.3"]
[White "Peptan, Corina-Isabela"]
[Black "Lehaci, Miruna-Daria"]
[Result "0-1"]
[WhiteElo "2384"]
[BlackElo "2125"]
[Annotator "TA"]
[PlyCount "71"]
[EventDate "2022.02.20"]
[EventType "swiss"]
[EventCountry "ROU"]
[SourceTitle "playchess.com"]
[Source "ChessBase"]
[SourceQuality "1"]

{[%evp 28,71,-8,-31,-34,-34,-37,-37,-30,-43,0,0,10,-51,0,-40,-26,-25,-16,-29,-8,-15,-12,-13,-11,-17,-15,-40,-33,-18,-26,-42,-25,-47,-51,-51,-18,-20,-8,-47,0,-43,-18,-54,-14,-180]} 1. d4 Nf6 2. c4 e6 3. g3 c5 4. d5 exd5 5. cxd5 d6 6. Bg2 g6 7. Nc3 Bg7 8. Nf3 O-O 9. O-O a6 10. a4 Re8 11. Nd2 Nbd7 {[%cal Bb8d7,Bd7e5,Be5f7][%mdl 32]} 12. h3 Rb8 13. Nc4 Ne5 14. Na3 Nh5 15. Kh2 f5 {[%cal Of5f4] A64: Modern Benoni: Fianchetto Variation: 9...Nbd7 10 Nd2 a6 11 a4 Re8.} 16. f4 Nf7 17. Nc4 b6 {Black is slightly better.} 18. e4 {[#]} fxe4 $146 (18... Nf6 $1 $15 {is superior.}) ({Predecessor:} 18... Nf6 19. exf5 Bxf5 20. Re1 Rxe1 21. Qxe1 Bd7 22. Ne3 b5 23. axb5 axb5 24. Qd2 Ra8 25. Rxa8 Qxa8 {½-½ (51) Glushenkov,S (2202)-Bolz,J (2219) ICCF email 2011}) 19. Nxe4 $11 Nf6 20. Nf2 ({Better is} 20. Ng5 $11) 20... Bd7 (20... Nh6 $1 $15) 21. Re1 (21. Bd2 {with more complications.} b5 22. Na5 Qb6 23. Nc6 Rbc8 24. Bc3) 21... Rxe1 22. Qxe1 Qc7 23. Bd2 Re8 24. Ne3 b5 25. axb5 axb5 26. Qc1 Qb6 27. Ba5 Qb8 28. Bc3 b4 29. Bd2 Bb5 30. Bf3 Nd7 31. Qc2 Bd4 32. Ne4 Re7 33. Re1 Qe8 (33... Qa8 $15 {deserves consideration.}) 34. Ng2 (34. Ng4 $11 {should be considered.}) 34... Nb6 35. b3 Qf8 36. Ng5 $2 {Weighted Error Value: White=0.17 (very precise) /Black=0.17 (very precise)} (36. Bc1 $11 {and White stays safe.}) 0-1

[Event "Romanian-ch Women 2022"]
[Site "Eforie Nord"]
[Date "2022.02.23"]
[Round "5.4"]
[White "Ionescu, Irina"]
[Black "Trifoi, Mihaela-Ioana"]
[Result "1/2-1/2"]
[WhiteElo "2131"]
[BlackElo "1893"]
[Annotator "TA"]
[PlyCount "82"]
[EventDate "2022.02.20"]
[EventType "swiss"]
[EventCountry "ROU"]
[SourceTitle "playchess.com"]
[Source "ChessBase"]
[SourceQuality "1"]

{[%evp 9,82,26,36,13,20,20,20,16,27,25,30,31,37,3,11,-5,23,20,33,-43,-43,-41,-35,-44,-38,-46,-45,-47,-20,-23,-34,-31,0,0,0,0,9,13,29,0,22,20,23,37,25,0,13,0,0,0,0,-72,-62,-54,0,0,23,24,27,-8,-8,-8,-8,-25,-32,-29,-16,-21,-17,-27,0,-24,-11,-6,0]} 1. e4 c6 2. Nf3 d5 3. d3 Bg4 4. h3 Bxf3 5. Qxf3 e6 6. g3 {B10: Caro-Kann: 2 d3 and 2 c4.} Nf6 7. Bg2 Nbd7 8. O-O Be7 9. Qe2 e5 10. Nd2 {[%cal Bb1d2,Bd2f3,Bf3h4,Bh4f5][%mdl 32]} O-O {[#]} 11. Nf3 $146 ({Predecessor:} 11. b3 Re8 12. Bb2 Bd6 13. Nf3 a5 14. a3 Qe7 15. Nh4 g6 16. Kh1 d4 17. Bc1 Kg7 {½-½ (76) Kamsky,G (2665)-Ronka,E (2303) Chess.com INT 2021}) 11... Qc7 12. Nh4 Rfe8 13. Nf5 Bf8 14. g4 (14. c3 $14) 14... dxe4 $15 15. dxe4 Nc5 16. g5 Nfd7 17. Qg4 Ne6 18. Be3 Bc5 19. Rad1 Rad8 20. h4 Nb6 21. Bxc5 Nxc5 22. h5 Rxd1 23. Rxd1 {White wants to play g6.} Rd8 24. Rxd8+ Qxd8 25. g6 {[#] Threatening mate with gxh7+.} Ne6 26. gxf7+ Kxf7 27. Bh3 {[%cal Of5h6] Black must now prevent Nh6+!} Kf8 28. Ne3 Qg5 29. Kh2 Qf4+ 30. Qg3 (30. Qxf4+ $11 Nxf4 31. Bg4) 30... Ng5 $17 31. Bg2 Qxg3+ ({Black should try} 31... Nd7 $15) 32. Kxg3 $15 {[%mdl 4096] Endgame KBN-KNN} g6 33. hxg6 hxg6 34. f4 exf4+ 35. Kxf4 Ne6+ 36. Kg4 Ke7 37. Bf1 Kf6 38. Kf3 Nd4+ 39. Kf4 Ne6+ 40. Kf3 Ng5+ 41. Kf4 {[#] Strongly threatening Ng4+.} Ne6+ {Weighted Error Value: White=0.14 (very precise) /Black=0.09 (flawless)} 1/2-1/2